000 01201cam a2200253 4500
008 010911n2001 000 0 eng u
020 _a075064849X
035 _a(Sirsi) u114508
050 _a692.3
100 _aEmmitt, S.
245 _aSpecifying buildings : a design management perspective
260 _aOxford
_bButterworth-Heinemann
_c2001
300 _avii, 214p. ; 24cm.
350 _a24.99
520 _aProviding an overview of the specifying process, from selecting materials and products to writing specification "Specifying Buildings" is a new guide to this important part of the construction process. It covers the management of the specification process, giving guidance on how to ensure the design intent is transferred to the building assembly as specified. The book is also relevant to overseas practitioners with specific differences between UK, Australia and the US identified.
650 _aBUILDING SPECIFICATION
650 _aCONSTRUCTION PROCESS
650 _aMANAGEMENT-PROJECT MANAGEMENT
650 _aCONSTRUCTION MANAGEMENT
_96230
650 _aBUILT ENVIRONMENT-CONSTRUCTION DESIGN
690 _aBUILT ENVIRONMENT
700 _aYeomans, D.
942 _n0
999 _c101622
_d101622